History of Poland - Statistics

General Stats
  • This quiz has been taken 28 times
  • The average score is 7 of 20
Answer Stats
Hint Answer % Correct
Country that invaded Poland in 1939, starting WWII Germany
96%
The only Polish pope John Paul II
67%
Physicist who discovered polonium and radium Marie Curie
63%
Famous concentration camp, who operated in Poland Auschwitz
54%
Countries who bordered Poland between 1946-1989 (name any) Czechoslovakia / East Germany / USSR
50%
Country to which Poland united in 1569, creating the Polish-Lithuanian Commonwealth Lithuania
50%
Creator of the heliocentric model of the solar system Nicolaus Copernicus
46%
Polish piano virtuoso, who composed "Minute Waltz" Frederic Chopin
38%
Polish units, famous from the battle of Vienna in 1683 Hussars
38%
City occupied by Poland between 1610-1612 Moscow
38%
Armed rebelion against the Nazis in 1944 Warsaw Uprising
29%
Trade union that resisted the Soviets Solidarity
21%
WWII conference that established the current borders of Poland Yalta
21%
First Chief of State to whom Poles owe their independence in 1918 Józef Piłsudski
17%
Polish prince who was baptized in 966 Mieszko I
13%
Country with which Poland was at war beetwen 1308-1521 Teutonic Order
13%
Polish king that divided the country between his sons in 1138 Bolesław III Wrymouth
0%
First king Bolesław I the Brave
0%
Commander of anti-ottoman (including polish) forces in the above battle John III Sobieski
0%
Last king Stanisław II August
0%
No matching quizzes found
Score Distribution
Percent of People with Each Score
Percentile by Number Answered
Your Score History
You have not taken this quiz